000 00357 a2200133 4500
020 _a0070544840 :
082 0 _a025/.04
100 1 0 _aSalton, Gerard.
245 1 0 _aIntroduction to modern information retrieval
260 0 _aNew York :
_bMcGraw-Hill,
_cc1983.
300 _axv, 448 p. :
_bill. ;
490 1 _aMcGraw-Hill computer science series
942 _cBK
999 _c6959
_d6959